[Event "Bundesliga 0607"]
[Site "Germany"]
[Date "2006.11.17"]
[Round "7.1"]
[White "Hracek, Zbynek"]
[Black "Wojtaszek, Radoslaw"]
[Result "0-1"]
[WhiteElo "2614"]
[BlackElo "2630"]
[Annotator "Reeh,O"]
[PlyCount "56"]
[EventDate "2006.10.28"]
[EventType "team-tourn"]
[EventRounds "15"]
[EventCountry "GER"]
[SourceTitle "CBM 116"]
[Source "ChessBase"]
[SourceDate "2007.02.01"]
[SourceVersion "1"]
[SourceVersionDate "2007.02.01"]
[SourceQuality "1"]
[WhiteTeam "Werder Bremen"]
[BlackTeam "Hamburger SK"]
[WhiteTeamCountry "GER"]
[BlackTeamCountry "GER"]

1. e4 c5 2. Nf3 d6 3. d4 cxd4 4. Nxd4 Nf6 5. Nc3 a6 6. Be3 e5 7. Nb3 Be7 8. Qd2
Be6 9. f3 O-O 10. O-O-O a5 {Wojtaszek's pet variation. Wojtaszeks
Stammvariante.} 11. Qe1 (11. Kb1 a4 12. Nc1 a3 13. b3 Ra5 14. Bc4 Bxc4 15. bxc4
Qc8 16. Qd3 Nbd7 17. Nb3 Ra6 18. g4 Rc6 19. g5 Ne8 20. Nd5 Bd8 21. Nd2 Nc5 22.
Qxa3 Ra6 23. Qb2 Na4 24. Qb4 Nc7 25. Nb3 b5 26. c5 Nxd5 27. exd5 Bb6 28. cxb6
Nc3+ 29. Qxc3 Qxc3 30. Rd3 Qc4 31. Rc1 Qa4 {0-1 Shirov,A (2720)-Wojtaszek,R 
(2630)/Pamplona ESP 2006}) 11... Qc8 ({Premature would be Voreilig wäre} 11...
a4 {due to wegen} 12. Nc5) 12. Bb5 $6 {Not a good square for the bishop here.
Kein gutes Feld für den Läufer hier.} (12. Kb1 {was preferable, or 12.a3 (even
the radical 12.a4!?). war vorzuziehen oder 12.a3 (sogar das radikale 12.a4!?).}
) 12... Na6 13. Kb1 (13. Na4 $5) 13... Nc7 {Black has the initiative. Schwarz
hat die Initiative.} 14. Bd3 (14. a4 Nxb5 15. Nxb5 Qc4 $1 {with a very good
game. mit sehr gutem Spiel.}) 14... a4 15. Nc1 a3 16. b3 d5 17. Nxd5 Ncxd5 18.
exd5 Nxd5 19. Bd2 Bf6 20. Be4 Rd8 21. Nd3 Qc7 22. Bxd5 $2 {Now Black's bishops
will become very alive. Nun werden die schwarzen Läufer zum Leben erweckt.} (
22. c4 {was essential. war erforderlich.}) 22... Rxd5 $17 23. Qe2 Rc8 24. Bb4 {
[%tqu "En","White has just attacked the black pawn on a3. What do you play?",
"Black's bishops need scope.","Sacrifice a pawn to open diagonals.","e5e4",
"Good!  Have you already seen what happens if White takes on e4 with the
pawn?",10,"De","Weiß hat gerade den schwarzen Bauern auf a3 angegriffen. Was
spielen Sie?","Die schwarzen Läufer brauchen Raum.","Opfern Sie einen Bauern,
um Diagonalen zu öffnen.","e5e4","Gut!  Haben Sie auch schon gesehen, was
passiert, wenn Weiß auf e4 mit dem Bauern schlägt?",10]} e4 $1 {Opening two
diagonals at the same time (f6-a1 and g4-d1)! Öffnet zwei Diagonalen
gleichzeitig (f6-a1 und g4-d1)!.} 25. fxe4 {[%tqu "En","How should Black
continue?","The white queen is tied to the defence of c2.","","e6g4","The
first point: since White's queen is tied to the defence of c2, Black wins an
exchange.",10,"De","Wie soll Schwarz fortsetzen?","Die weiße Dame ist an die
Deckung von c2 gebunden.","","e6g4","Die erste Pointe: Da die weiße Dame an
die Deckung von c2 gebunden ist, gewinnt Schwarz eine Qualität.",10]} Bg4 $1 {
The first point: since White's queen is tied to the defence of c2, Black wins
an exchange. Die erste Pointe: Da die weiße Dame an die Deckung von c2
gebunden ist, gewinnt Schwarz eine Qualität.} 26. Qf2 (26. Qxg4 Qxc2#) 26...
Bxd1 27. Rxd1 {[%tqu "En","Do you see Black's hammer blow?","White's back rank
is weak. The knight on d3 is pinned since any move forward would allow ...
Rxd1++","Threaten a mate in one with the queen!","c7e5","A wonderful move!",10,
"De","Sehen Sie den schwarzen Hammerschlag?","Die weiße Grundreihe ist schwach.
Der Springer auf d3 ist gefesselt, da jeder Zug nach vorn ...Txd1++ nach sich
ziehen würde.","Drohen Sie mit der Dame einzügig matt!","c7e5","Ein
wunderschöner Zug!",10]} Qe5 $1 {Giving White no respite - Black threatens
mate on a1! Lässt Weiß keine Atempause - es droht Matt auf a1!} 28. Qxf6 (28.
c3 Qxe4 {was of course also hopeless war natürlich auch hoffnungslos}) ({
and und} 28. Nxe5 {fails to scheitert ja an} Rxd1#) {[%tqu "En","White has
just sacrificed his queen, hoping to fish in muddy waters after 28...Qxf6 29.
exd5. What do you suggest for Black now?","Black can force White's immediate
resignation.","The white queen on f6 doesn't run away...","d5d3","Precisely! 
This intermediate move again threatens mate on d1, making White's position
completely hopeless.",10,"De","Weiß hat gerade seine Dame geopfert in der
Hoffnung, nach 28...Dxf6 29.exd5 noch im Trüben zu fischen. Was schlagen Sie
jetzt für Schwarz vor?","Schwarz kann Weiß zur sofortigen Aufgabe zwingen.",
"Die weiße Dame auf f6 läuft ja nicht weg...","d5d3","Genau!  Dieser
Zwischenzug droht erneut Matt auf d1, wonach die weiße Stellung vollends
hoffungslos wird.",10]} 28... Rxd3 $1 {The final point! Der Schlusspunkt!} (
28... Rxd3 {and in view of und im Hinblick auf} 29. Qxe5 (29. Qf1 Qb2#) 29...
Rxd1# {White resigned gab Weiß auf.}) 0-1

[Event "Moscow Aeroflot op-A1"]
[Site "Moscow"]
[Date "2008.02.17"]
[Round "4"]
[White "Smirnov, Pavel"]
[Black "Zhigalko, Andrey"]
[Result "1-0"]
[WhiteElo "2599"]
[BlackElo "2556"]
[Annotator "Reeh,O"]
[PlyCount "83"]
[EventDate "2008.02.14"]
[EventType "swiss"]
[EventRounds "9"]
[EventCountry "RUS"]
[SourceTitle "CBM 123"]
[Source "ChessBase"]
[SourceDate "2008.04.02"]
[SourceVersion "1"]
[SourceVersionDate "2008.04.02"]
[SourceQuality "1"]

1. e4 c5 2. Nf3 d6 3. d4 cxd4 4. Nxd4 Nf6 5. Nc3 a6 6. Be3 e5 7. Nb3 Be6 8. f3
Nbd7 9. g4 h6 10. Qd2 Qc7 11. O-O-O b5 12. Kb1 Nb6 13. Bxb6 Qxb6 14. Nd5 Bxd5
15. exd5 g6 16. h4 Bg7 17. Na5 Rc8 18. c4 bxc4 19. Nxc4 Qb8 20. Qa5 O-O 21. Qb6
Qxb6 22. Nxb6 Rb8 23. Nc4 e4 24. g5 hxg5 25. hxg5 Nh7 26. f4 f6 27. Bh3 fxg5 {
Pursuing a nice tactical idea, but White is on the alert. Verfolgt eine
hübsche taktische Idee, aber Weiß ist auf der Hut.} (27... f5 {was better. war
besser.}) 28. Be6+ Kh8 {[%tqu "En","How can White win material here?","The
black king is boxed in at the edge of the board.","How can White make use of
the h-file?","h1h7","Dragging black pieces onto most unfortunate squares in
the h-file, first the king...",10,"De","Wie kann Weiß hier Material gewinnen?",
"Der schwarze König ist am Brettrand eingeklemmt.","Wie kann Weiß Kapital aus
der h-Linie schlagen?","h1h7","Zerrt schwarze Figuren auf höchst unglückliche
Felder in der h-Linie, zunächst den König...",10]} 29. Rxh7+ $1 {Dragging
black pieces onto most unfortunate squares in the h-file, first the king...
Zerrt schwarze Figuren auf höchst unglückliche Felder in der h-Linie, zunächst
den König...} ({Black was probably hoping for Schwarz hoffte vermutlich auf} 
29. fxg5 {, which would have given him the opportunity of delivering a blow
himself: , wonach er selbst einen Schlag hätte anbringen können:} {[%tqu "En",
"How would you play with Black?","There is one point in White's camp which is
under attack, but it seems to be well defended...","Storm the point b2!",
"g7b2","with the idea 30.Nxb2 Rf2 and Black wins.",10,"De","Wie würden Sie mit
Schwarz spielen?","Ein Punkt im weißen Lager steht unter Beschuss, aber der
scheint gut verteidigt zu sein ...","Stürmen Sie den Punkt!","g7b2","mit der
Idee 30.Nxb2 Rf2 und Schwarz gewinnt.",10]} Bxb2 $1 {with the idea mit der Idee
} 30. Nxb2 Rf2 {and Black wins. und Schwarz gewinnt.}) 29... Kxh7 30. Rh1+ {
...then the bishop. ...dann den Läufer.} Bh6 31. fxg5 {Winning decisive
material. Mit entscheidendem Materialgewinn.} Rf2 32. b3 Rbf8 33. Rxh6+ Kg7 34.
Rh1 Rg2 35. Nxd6 e3 36. Re1 Rff2 37. Nc4 Rxa2 38. d6 Kf8 39. d7 Ke7 40. Bg4 $1
Rxg4 41. Rxe3+ Kxd7 42. Ne5+ 1-0

[Event "Rishon Le Ziyyon"]
[Site "Rishon Le Ziyyon"]
[Date "1999.??.??"]
[Round "6"]
[White "Ribshtein, Nati"]
[Black "Kaspi, Alexander"]
[Result "0-1"]
[WhiteElo "2300"]
[BlackElo "2510"]
[Annotator "Ribshtein,N"]
[PlyCount "90"]
[EventDate "1999.??.??"]
[EventType "tourn"]
[EventRounds "9"]
[EventCountry "ISR"]
[SourceTitle "CBM 070"]
[Source "ChessBase"]
[SourceDate "1999.06.08"]
[SourceVersion "1"]
[SourceVersionDate "1999.06.08"]
[SourceQuality "1"]

1. e4 c5 2. Nf3 d6 3. d4 cxd4 4. Nxd4 Nf6 5. Nc3 a6 6. f3 e5 7. Nb3 Be6 8. Be3
Be7 9. Qd2 Nbd7 10. g4 b5 (10... O-O $142) 11. a4 $1 b4 12. Nd5 Bxd5 13. exd5
O-O 14. g5 Nh5 15. O-O-O f5 (15... f6 $1 16. Qxb4 $140 (16. gxf6) (16. h4 $142
$5 $13) 16... fxg5 $132) 16. gxf6 $6 (16. Rg1 $1 f4 (16... a5 17. Bb5 $16) 17.
Bf2 Bxg5 18. Qxb4 $16) 16... Rxf6 17. Kb1 $1 Rxf3 (17... a5 $142 $5) 18. Be2
Rxe3 $6 (18... Rh3 $5 19. Bg4 Rh4 20. h3 Ndf6 $8 21. Be6+ Kh8 22. a5 $1 $44)
19. Qxe3 Bg5 20. Qe4 Nf4 21. Bd3 $1 Nxd3 22. Qxd3 a5 23. Rhf1 $2 (23. Rhg1 Bh6
24. Rdf1 $16) 23... Nf6 24. Qf5 Bh6 25. Nd2 Bxd2 $1 26. Rxd2 Qe7 27. Qd3 $2 (
27. h4 $1 Rf8 28. Rdf2 $40) 27... Nh5 $1 28. Qb5 Nf4 29. Rdf2 Qf6 $6 (29... Qc7
$1 30. Rxf4 $1 exf4 31. Rxf4 $11) 30. Qb7 Rf8 31. Rf3 Qd8 32. c3 $1 bxc3 33.
Rxc3 Qf6 34. Ka2 h6 35. Rc8 $1 Rxc8 36. Qxc8+ Kh7 37. Qc2+ Kg8 38. Qd2 Qh4 39.
Rc1 $1 Qg4 $5 (39... Qh3 40. Rc3 $18) 40. Qxa5 $2 (40. Rc6 $1 $18) (40. Rc4 Qf3
41. Qxa5 e4 42. Qd8+ Kh7 43. Qe7 $1 e3 44. Qe4+ $18) 40... Nd3 41. Rc3 Qe2 42.
Qb5 e4 43. Rc4 $2 (43. Ka3 $1 Kh7 (43... Qxh2 44. Qe8+ $18) (43... Qe1 44. Rxd3
$1 exd3 45. Qxd3 $18) 44. a5 Qe1 45. Qc4 $18) 43... Kh7 44. Rc7 Qd2 45. Qb7 Qg5
$22 0-1

[Event "Guillermo Garcia Memorial-A 06th"]
[Site "Santa Clara"]
[Date "1998.05.30"]
[Round "6"]
[White "De la Riva Aguado, Oscar"]
[Black "Herrera, Irisberto"]
[Result "1-0"]
[WhiteElo "2495"]
[BlackElo "2445"]
[Annotator "Rodriguez,Am"]
[PlyCount "101"]
[EventDate "1998.05.24"]
[EventType "tourn"]
[EventRounds "13"]
[EventCountry "CUB"]
[EventCategory "9"]
[SourceTitle "CBM 066"]
[Source "ChessBase"]
[SourceDate "1998.09.30"]
[SourceVersion "1"]
[SourceVersionDate "1998.09.30"]
[SourceQuality "1"]

1. e4 c5 2. Nf3 d6 3. d4 cxd4 4. Nxd4 Nf6 5. Nc3 a6 6. f3 e5 7. Nb3 Be6 8. Be3
Nbd7 9. Qd2 Be7 10. g4 h6 11. O-O-O b5 12. h4 (12. Kb1 {Another popular and
important move order that leads to positions very similar to our game. By
great curiosity, these two opponents had played a game on that variation just
a few days earlier in Havana.} Nb6 13. Qf2 Rb8 14. Nc5 b4 15. Ne2 Nc4 16. Nxe6
fxe6 17. Ng3 Qc7 18. h4 Rf8 19. Bh3 d5 20. g5 Nxe4 21. Nxe4 dxe4 22. Bg4 Rxf3
23. Bxf3 exf3 24. gxh6 e4 25. Rhg1 Bf6 26. Bd4 Na3+ 27. bxa3 bxa3+ 28. Kc1 Qf4+
29. Qe3 Qxe3+ 30. Bxe3 Bb2+ 31. Kd2 {1-0 De la Riva,O-Herrera,I/Capablanca mem
Premier, Havana CUB 1998}) 12... Nb6 13. Qf2 Rb8 (13... Nfd7 {is another
logical possibility, there are many games on it, some of them in this CBM66})
14. Nc5 (14. Kb1 {is also possible and please remember the note after White´s
12 move. Some examples:} b4 (14... Nc4 15. Ba7 Ra8 16. Bxc4 bxc4 17. Nc1 Qc7
18. Be3 Rb8 19. N1e2 Qb7 20. Bc1 Nd7 21. Qg2 Nc5 22. g5 h5 $13 {Almasi,Z-Lutz/
Vienna op 1996/EXP 53}) 15. Bxb6 Qxb6 16. Qxb6 Rxb6 17. Nd5 Nxd5 18. exd5 Bd7
$11 {Almasi,Z-Lautier,J/Tilburg 1996}) 14... Bc8 (14... b4 15. Nb1 Bc4 16. Nxa6
Bxa6 17. Bxa6 O-O 18. g5 Nh5 19. gxh6 g6 20. Nd2 d5 21. exd5 Nxd5 22. Nb3 Qd6
23. Bc4 Nhf6 24. h7+ Kxh7 25. h5 g5 26. Rxd5 Nxd5 27. Rd1 Nxe3 28. Rxd6 Nxc4
29. Rd7 Bf6 30. Qa7 {Shirov,A-Sadler,M/Amber Rapid, Monte Carlo MON 1998}) 15.
Kb1 $146 {Again Kb1!, already a familiar move but take a look at the Shirov
game just above where he took his knight to b1. So there is more than simple
routine when playing 0-0-0 and Kb1, the timing has to be considered seriously
given the very many subtleties of the position.} (15. g5 $5 Nh5 16. gxh6 g6 17.
Nd3 Nc4 18. Ba7 Rb7 19. Nb4 Bf8 20. Bxc4 bxc4 21. Nbd5 Bxh6+ 22. Be3 Bxe3+ 23.
Qxe3 $16 {Serebro-Kruppa/Ukraine 1990}) (15. Nd3 Nc4 16. Nb4 Nxe3 17. Qxe3 Bb7
18. Kb1 Nd7 19. Qf2 Nc5 20. Ncd5 O-O 21. g5 h5 22. Bh3 a5 23. Nxe7+ Qxe7 24.
Nd5 Bxd5 25. Rxd5 b4 $15 {Gullaksen,E-Lautier,J/Berlin 1997/EXP 59}) 15... Qc7
16. Nd3 $1 Nc4 17. Nb4 Nxe3 18. Qxe3 Bb7 19. a3 {somewhere arround here Black
has to start preparations to castle king side, now that White does not have a
black bishop.} Rc8 20. Rh2 Qc5 21. Qe1 Kf8 $2 {Simply too slow.} 22. g5 $1 hxg5
23. Bh3 Rd8 24. hxg5 Ng8 $6 (24... Nh7 25. g6 Ng5 {looks more tenacious.}) 25.
g6 Bh4 (25... fxg6 26. Nd3 {[%cal Yf3f4]}) 26. Qe2 (26. Qf1 $5) 26... fxg6 27.
Nd3 Qb6 28. Be6 $5 g5 $6 {[%csl Rh4]} (28... Nf6 $1 29. f4 Rh6 $132) 29. Bxg8
$1 Kxg8 30. Nb4 Qc7 31. Nbd5 $16 Qf7 32. Ne3 g6 33. Ng4 Kg7 34. Qe3 Qc7 35.
Rhd2 Rhf8 36. Nd5 Bxd5 (36... Qc5 $5) 37. Rxd5 $18 Rfe8 38. R1d3 Qe7 $2 39. Qb6
Rd7 40. Qxa6 Red8 41. Qxb5 Bg3 42. Qb4 Bf4 43. c4 Rb7 44. Rb5 Rc7 45. a4 Rdd7
46. Rb6 Qf7 47. b3 d5 48. Rxd5 Rxd5 49. cxd5 Rc1+ 50. Kb2 Qc7 51. Rc6 1-0

[Event "Bazna Kings 5th"]
[Site "Medias"]
[Date "2011.06.13"]
[Round "3"]
[White "Karjakin, Sergey"]
[Black "Nakamura, Hikaru"]
[Result "1/2-1/2"]
[WhiteElo "2776"]
[BlackElo "2774"]
[Annotator "Rogozenco,D"]
[PlyCount "62"]
[EventDate "2011.06.11"]
[EventType "tourn"]
[EventRounds "10"]
[EventCountry "ROU"]
[EventCategory "21"]
[SourceTitle "CBM 143"]
[Source "ChessBase"]
[SourceDate "2011.07.15"]
[SourceVersion "1"]
[SourceVersionDate "2011.07.15"]
[SourceQuality "1"]

1. e4 c5 2. Nf3 d6 3. d4 cxd4 4. Nxd4 Nf6 5. Nc3 a6 6. Be3 Ng4 7. Bg5 h6 8. Bh4
g5 9. Bg3 Bg7 10. h3 Ne5 11. f3 Nbc6 12. Bf2 Be6 13. Qd2 Rc8 14. Nd5 {A new
move, which, however, didn't surprise the American GM.} ({After} 14. O-O-O {
Black had scored good results in practice.}) 14... Nxd4 15. Bxd4 Bxd5 16. exd5
Qc7 {All the previous moves were blitzed out by Nakamura.} 17. c3 ({White
would like to play} 17. c4 {but then Black has a nice tactical possibility to
sacrifice the rook:} Nxc4 18. Bxc4 Bxd4 $1 19. Qxd4 Qxc4 $1 20. Qxh8+ Kd7 {
and with the rook up White must think about excaping, which can be achieved by
21.Qh7, because} 21. Qxh6 {suddenly loses:} Qd3 22. Qxg5 Rc2 {These variations
still belonged to Hikaru's home preparation. Quite impressive.}) 17... Qa5 {
Attacking the d5-pawn. That's why Black provoked the move 17.c3.} 18. Be3 Nc4
19. Bxc4 Rxc4 20. O-O {[%cal Gf3f4]} Be5 $1 (20... O-O {would be a big mistake,
allowing White to exploit the weaknesses on his opponent's kingside by playing}
21. f4) 21. Qd3 ({Now} 21. f4 {is bad:} gxf4 22. Bxf4 Bxf4 23. Rxf4 Rxf4 24.
Qxf4 Qxd5 {with a healthy pawn up.}) 21... Qb5 22. Rac1 Ra4 $1 {Nakamura plays
very precisely. In the resulting endgame Black is out of danger.} ({After} 
22... Rb4 23. c4 $1 Qa4 {White has a pleasant choice between} 24. b3 ({or} 24.
Qf5) 24... Qxa2 25. Rb1 {with compensation for the pawn.}) 23. Qxb5+ axb5 24.
a3 Kd7 25. Kf2 Rc8 26. Rcd1 f5 27. Ke2 Rg8 28. Kd3 h5 29. Rde1 h4 30. Bf2 Bf6 (
{Karjakin showed that after} 30... g4 {White has} 31. hxg4 fxg4 32. Bxh4 gxf3
33. g3 $1 {with advantage, since} Bxg3 34. Rxe7+ {is clearly better for White.}
) 31. Rh1 Rh8 {In this approximately equal position it looks like that there
are plenty fighting resources, but the players thought that after massive
exchanges soon it should be a draw and they agreed to it immediately.} 1/2-1/2